New Zealand Test Cricket Bowlers with over 100 Wickets - Statistics

General Stats
  • This quiz has been taken 529 times
  • The average score is 8 of 12
Answer Stats
Hint Answer % Correct
431 Richard Hadlee
98%
359 Daniel Vettori
97%
112 Tim Southee
88%
218 Chris Cairns
84%
130 Lance Cairns
84%
233 Chris Martin
68%
160 Danny Morrison
64%
123 Ewen Chatfield
55%
102 John Bracewell
47%
116 Richard Collinge
35%
100 Dick Motz
30%
111 Bruce Taylor
29%
No matching quizzes found
Score Distribution
Percent of People with Each Score
Percentile by Number Answered
Your Score History
You have not taken this quiz